| 000 | 00610nam a2200205 4500 | ||
|---|---|---|---|
| 003 | SEACOMEC | ||
| 005 | 20240405152906.0 | ||
| 008 | 231006b |||||||| |||| 00| 0 eng d | ||
| 020 | _cRs. 325.00 | ||
| 040 | _aSEACOMEC | ||
| 082 |
_a621.3 _bT398 |
||
| 100 | 1 | _aTheraja, B.L. | |
| 245 | 1 | 2 |
_aA Textbook of Electrical Technology : Vol-2 _cB.L. Theraja and A.K. Theraja |
| 260 |
_aNew Delhi _bS. Chand _c2006 |
||
| 300 | _aVol-2 | ||
| 650 | _aApplied physics | ||
| 650 | _aElectrical, magnetic, optical, communications, computer engineering; electronics, lighting | ||
| 700 | 1 | _aTheraja, A.K. | |
| 942 | _cBOOK | ||
| 999 |
_c124 _d124 |
||